Prowincje Kanady - nagła śmierć - Statystyki

Ogólne statystyki
  • Ten quiz został rozwiązany 99 razy
  • Średni wynik to 8 z 13
Answers on the Grid
Answers color-coded by a green-red scale on the quiz's grid according to % correct below.
Jukon
Terytoria Północno-Zachodnie
Nunavut
Kolumbia Brytyjska
Alberta
Saskatchewan
Manitoba
Ontario
Quebec
Nowy Brunszwik
Nowa Szkocja
Wyspa Księcia Edwarda
Nowa Fundlandia i Labrador
Alaska
Maine
Grenlandia
Erie
Terytorium Montreal
Terytoria Północno-Wschodnie
Queensland
 
Statystyki odpowiedzi
Odpowiedź % Poprawnych
Quebec
83%
Kolumbia Brytyjska
74%
Nowa Fundlandia i Labrador
65%
Alberta
63%
Nowy Brunszwik
63%
Nowa Szkocja
61%
Ontario
61%
Saskatchewan
57%
Jukon
50%
Manitoba
48%
Wyspa Księcia Edwarda
48%
Nunavut
43%
Terytoria Północno-Zachodnie
35%
Nie znaleziono quizów pasujących do podanych kryteriów
Rozkład punktacji
Procent ludzi z każdym wynikiem
Percentyl według liczby udzielonych odpowiedzi
Twoja historia wyników
Nie rozwiązałeś tego quizu